| 000 | 00458nam a2200181Ia 4500 | ||
|---|---|---|---|
| 005 | 20240921120748.0 | ||
| 008 | 240921s9999||||xx |||||||||||||| ||und|| | ||
| 041 | _aENGLISH | ||
| 082 | _A531.163 K0 | ||
| 100 | _aLoney S L | ||
| 245 | 0 | _aDynamics of a Particle and of Rigid Bodies | |
| 250 | _a1st | ||
| 260 |
_c1960 _bCanbridge University Press,New york |
||
| 500 | _aSimple Pendulum | ||
| 650 |
_aDynamics _bPhysics |
||
| 942 | _cBK | ||
| 999 |
_c247491 _d247491 |
||